| 000 | 00992cam a2200277 a 4500 | ||
|---|---|---|---|
| 999 |
_c2761 _d2761 |
||
| 001 | 4886805 | ||
| 003 | GBCCL | ||
| 005 | 20241126110438.0 | ||
| 008 | 930127s1993 miu b 000 0 eng | ||
| 010 | _a 93006792 | ||
| 020 | _a0800754670 | ||
| 040 |
_aDLC _cDLC _dDLC |
||
| 050 | 0 | 0 |
_aBT590.E8 _bC6 1993 |
| 082 | 0 | 0 |
_a269.2 _220 _bCOL |
| 100 | 1 |
_aColeman, Robert E., _d1928- _95423 |
|
| 245 | 1 | 4 |
_aThe master plan of evangelism / _cRobert E. Coleman ; foreword by Billy Graham ; introduction by Paul S. Rees ; study guide by Roy J. Fish. |
| 250 | _a30th anniversary ed. | ||
| 260 |
_aGrand Rapids, Mich. : _bF.H. Revell, _cc1993. |
||
| 300 |
_a200 p. ; _c21 cm. |
||
| 504 | _aIncludes bibliographical references (p. 195-200). | ||
| 600 | 0 | 0 |
_aJesus Christ _xEvangelistic methods. _95424 |
| 700 | 1 |
_aFish, Roy J. _95847 |
|
| 906 |
_a7 _bcbc _corignew _d1 _eocip _f19 _gy-gencatlg |
||
| 942 |
_2ddc _cBK _050 |
||